Eric Bana Movies Quiz Stats

 Plays Quiz not verified by Sporcle

Challenge
Share
Tweet
Embed
Score 0/16 Timer 05:00
0 Plays Today
Character Movie % Correct
Bruce BannerHulk
96%
HectorTroy
84.1%
AvnerMunich
73%
Henry TudorThe Other Boleyn Girl
65.9%
NeroStar Trek
61.1%
Mark Brandon ReadChopper
57.9%
ClarkeFunny People
57.9%
HootBlack Hawk Down
51.6%
Character Movie % Correct
Anchor (voice)Finding Nemo
46.8%
Erik HellerHanna
44.4%
HenryThe Time Traveler's Wife
43.7%
Huck CheeverLucky You
41.3%
Con PetropoulousThe Castle
30.2%
Damien (voice)Mary and Max
22.2%
Title CharacterRomulus, My Father
21.4%
LottoThe Nugget
20.6%

You're not logged in!

Compare scores with friends on all Sporcle quizzes.
OR
Log In

You Might Also Like...

Show Comments

Extras

Top Quizzes Today


Score Distribution

Your Account Isn't Verified!

In order to create a playlist on Sporcle, you need to verify the email address you used during registration. Go to your Sporcle Settings to finish the process.

Report this User

Report this user for behavior that violates our Community Guidelines.

Details: